Worldviews in conflict : (Record no. 6352)
[ view plain ]
| 000 -LEADER | |
|---|---|
| fixed length control field | 00805cam a2200229 a 4500 |
| 001 - CONTROL NUMBER | |
| control field | 3448867 |
| 005 - DATE AND TIME OF LATEST TRANSACTION | |
| control field | 20250609132937.0 |
| 008 - FIXED-LENGTH DATA ELEMENTS--GENERAL INFORMATION | |
| fixed length control field | 920305s1992 miu b 001 0 eng |
| 020 ## - INTERNATIONAL STANDARD BOOK NUMBER | |
| International Standard Book Number | 0310577713 |
| 020 ## - INTERNATIONAL STANDARD BOOK NUMBER | |
| Canceled/invalid ISBN | 9780310877226 |
| Qualifying information | ebook |
| 050 00 - LIBRARY OF CONGRESS CALL NUMBER | |
| Classification number | BT1102 |
| Item number | .N37 1992 |
| 100 1# - MAIN ENTRY--PERSONAL NAME | |
| Personal name | Nash, Ronald H. |
| 245 10 - TITLE STATEMENT | |
| Title | Worldviews in conflict : |
| Remainder of title | choosing Christianity in a world of ideas / |
| Statement of responsibility, etc. | Ronald H. Nash. |
| 260 ## - PUBLICATION, DISTRIBUTION, ETC. | |
| Place of publication, distribution, etc. | Grand Rapids, Mich. : |
| Name of publisher, distributor, etc. | Zondervan Pub., |
| Date of publication, distribution, etc. | c1992. |
| 300 ## - PHYSICAL DESCRIPTION | |
| Extent | 176 p. ; |
| Dimensions | 20 cm. |
| 650 #0 - SUBJECT ADDED ENTRY--TOPICAL TERM | |
| Topical term or geographic name entry element | Apologetics. |
| 650 #0 - SUBJECT ADDED ENTRY--TOPICAL TERM | |
| Topical term or geographic name entry element | Naturalism. |
| 650 #0 - SUBJECT ADDED ENTRY--TOPICAL TERM | |
| Topical term or geographic name entry element | New Age movement. |
| 856 42 - ELECTRONIC LOCATION AND ACCESS | |
| Materials specified | Publisher description |
| Uniform Resource Identifier | <a href="http://www.loc.gov/catdir/enhancements/fy0633/92009886-d.html">http://www.loc.gov/catdir/enhancements/fy0633/92009886-d.html</a> |
| 856 41 - ELECTRONIC LOCATION AND ACCESS | |
| Materials specified | Table of contents only |
| Uniform Resource Identifier | <a href="http://www.loc.gov/catdir/enhancements/fy0633/92009886-t.html">http://www.loc.gov/catdir/enhancements/fy0633/92009886-t.html</a> |
| 942 ## - ADDED ENTRY ELEMENTS (KOHA) | |
| Source of classification or shelving scheme | Library of Congress Classification |
| Koha item type | Books |
| Suppress in OPAC | No |
| 999 ## - | |
| -- | 6352 |
| -- | 6352 |
| Withdrawn status | Lost status | Source of classification or shelving scheme | Damaged status | Not for loan | Collection | Home library | Current library | Shelving location | Date acquired | Total checkouts | Full call number | Barcode | Date last seen | Copy number | Price effective from | Koha item type |
|---|---|---|---|---|---|---|---|---|---|---|---|---|---|---|---|---|
| Library of Congress Classification | Non-fiction | Undergraduate Library (Christ Temple) | Undergraduate Library (Christ Temple) | General stacks | 06/09/2025 | BT1102 NAS | ulct00003106 | 06/09/2025 | 1 | 06/09/2025 | Books | |||||
| Library of Congress Classification | Non-fiction | Undergraduate Library (Christ Temple) | Undergraduate Library (Christ Temple) | General stacks | 06/09/2025 | BT1102 NAS | ulct00003107 | 06/09/2025 | 1 | 06/09/2025 | Books |